书目信息 |
| 题名: |
中国风格旋律写作
|
|
| 作者: | 杨瑞庆 编著 | |
| 分册: | ||
| 出版信息: | 北京 人民音乐出版社 2002 |
|
| 页数: | 359页 | |
| 开本: | 20cm | |
| 丛书名: | ||
| 单 册: | ||
| 中图分类: | J614.6 | |
| 科图分类: | ||
| 主题词: | 旋律学--中国 , CT--S084558--旋律学 | |
| 电子资源: | ||
| ISBN: | 7-103-02395-6 | |
| 000 | 00824nam0 2200241 45 | |
| 001 | 002181942 | |
| 005 | 20031219104115.7 | |
| 010 | @a7-103-02395-6@dCNY17.20 | |
| 100 | @a20021031d2002 em y0chiy0110 ea | |
| 101 | 0 | @achi |
| 102 | @aCN@b110000 | |
| 105 | @ag z 000yy | |
| 106 | @ar | |
| 200 | 1 | @a中国风格旋律写作@9zhong guo feng ge xuan lv xie zuo@e域性旋律和族性旋律@f杨瑞庆编著 |
| 210 | @a北京@c人民音乐出版社@d2002 | |
| 215 | @a359页@d20cm | |
| 330 | @a本书分为域性旋律和族性旋律两部分。主要内容有:西北风格的民歌和歌曲;东北风格的民歌和歌曲;江南风格的民歌和歌曲;江淮风格的民歌和歌曲;藏族风格的民歌和歌曲等。 | |
| 606 | 0 | @a旋律学@y中国 |
| 606 | 0 | @2CT@3S084558@a旋律学 |
| 690 | @aJ614.6@v4 | |
| 701 | 0 | @a杨瑞庆@9yang rui qing@4编著 |
| 801 | @aCN@bTSTC@c20030922 | |
| 905 | @b325920-922@dJ614.6@e251@f3 | |
| 中国风格旋律写作:域性旋律和族性旋律/杨瑞庆编著.-北京:人民音乐出版社,2002 |
| 359页;20cm |
| ISBN 7-103-02395-6:CNY17.20 |
| 本书分为域性旋律和族性旋律两部分。主要内容有:西北风格的民歌和歌曲;东北风格的民歌和歌曲;江南风格的民歌和歌曲;江淮风格的民歌和歌曲;藏族风格的民歌和歌曲等。 |
| ● |
| 相关链接 |
|
|
|
|
正题名:中国风格旋律写作
索取号:J614.6/251
 
预约/预借
| 序号 | 登录号 | 条形码 | 馆藏地/架位号 | 状态 | 备注 |
| 1 | 0325920 | 203259204 | 第一借阅区/ [索取号:J614.6/251] | 在馆 | |
| 2 | 0325921 | 203259213 | 第一借阅区/ [索取号:J614.6/251] | 在馆 | |
| 3 | 0325922 | 203259222 | 第一样本阅览室/ [索取号:J614.6/251] | 在馆 |